| 000 | 00519 a2200193 4500 | ||
|---|---|---|---|
| 020 | _a8120716809 | ||
| 024 | _a9788120716803 | ||
| 082 | _a352.14 | ||
| 090 |
_c1078 _d1078 |
||
| 100 | _aBasu, Rumki. | ||
| 245 |
_aPublic Administration _bConcepts and Theories _cRumki Basu |
||
| 250 |
_a3rd _bRevised and Enlarged Edition |
||
| 260 |
_aNew Delhi _bElegant Printers, New Delhi _c1994 |
||
| 300 | _a494 | ||
| 500 | _aPaper Cover | ||
| 600 | _aBasu, Rumki. | ||
| 700 | _aBasu, Rumki. | ||
| 942 |
_aNBS _cBK _k352.14 BAS |
||
| 999 |
_c343610 _d343610 |
||